000
00308nam a22001337a 4500
008
170905b xxu||||| |||| 00| 0 eng d
020
_a
9780072562965
041
_a
eng
080
_2
8 ED
_a
070
100
_a
070
101
_a
MED
245
_a
THE ART OF PUBLIC SPEAKERS
_c
LUCAS..E.S
942
_2
udc
_c
BK
999
_c
26087
_d
26087